000 00327 a2200109 4500
001 ART_3704
005 20260410161717.0
008 260409a
245 1 0 _aDe trenes y pueblos "fantasma"
100 1 _aMüller, Alberto E.G.
773 0 _tDesarrollo económico
_g- Vol. 46, Nº 184 (ene./mar. 2007)
_wREV1174
999 _c16635
_d16635